000
00320nam a22001337a 4500
008
240216b |||||||| |||| 00| 0 eng d
020
_a
81-947400-4-5
100
_a
A. Kazmi & A. Kazmi
245
_a
Strategic Management
250
_a
5th
260
_a
New Delhi
_b
McGraw Hill
_c
2023
300
_a
788
942
_2
ddc
_c
BK
999
_c
20596
_d
20596